Tobacco /

Bibliographic Details
Main Author: Akehurst, B. C.
Format: Book
Language:English
Published: London ; New York : Longman, 1981.
Edition:2nd ed.
Series:Tropical agriculture series.
Subjects:

MARC

Tag First Indicator Second Indicator Subfields
LEADER 00000cam a2200000 a 4500
001 in00000088320
005 20151008063134.0
008 800821s1981 enka b 00110 engm
010 |a  80040567  
015 |a GB80 
020 |a 0582468175 :  |c 938.50 
035 |a (OCoLC)06709128 
035 |9 AAK1659AM 
040 |a DLC  |c DLC  |d m.c.  |d TXA  |d UtOrBLW 
049 |a TXAM  |c [1362562] 
050 0 0 |a SB273  |b  A3 1981 
082 0 |a 633.7/1  |2 19 
100 1 |a Akehurst, B. C. 
245 1 0 |a Tobacco /  |c B.C. Akehurst. 
250 |a 2nd ed. 
264 1 |a London ;  |a New York :  |b Longman,  |c 1981. 
300 |a xiii, 764 pages :  |b illustrations ;  |c 23 cm. 
336 |a text  |b txt  |2 rdacontent 
337 |a unmediated  |b n  |2 rdamedia 
338 |a volume  |b nc  |2 rdacarrier 
490 1 |a Tropical agriculture series 
500 |a Includes index. 
504 |a Bibliography: pages 688-736. 
650 0 |a Tobacco. 
650 0 |a Tobacco industry. 
830 0 |a Tropical agriculture series. 
999 |a MARS 
999 f f |s 10459b8f-dd2b-331c-aa90-c7cd756eabee  |i d8a7f65d-4450-3fd6-8c38-63c22431000d  |t 0 
952 f f |p ric  |a Texas A&M University  |b Rellis Campus  |c Joint Library Facility  |d Remote Storage  |t 0  |e SB273 A3 1981  |h Library of Congress classification  |i unmediated -- volume  |m A14805976994 
998 f f |a SB273 A3 1981  |t 0  |l Remote Storage